1169 1245 1097 1338 1792 1738 1184 1104 1675 1182 1448 1948 1662 1823 1902 1742 1619 1987 1829 1127 1076 1631 1670 1949 1969 1469 1284 1343 1197 1445 1708 1168 1173 1043 1480 1622 1036 1817 1989 1051 1898 1373 1936 1126 1883 1231 1758 1918 1555 1933 1131 1592 1807 1873 1174 1752 1444 1253 1842 1513 1951 1314 1144 1638 1192 1735 1124 1491 1735 1727 1288 1982 1603 1111 1614 1169 1368 1272 1716 1212 1481 1232 1273 1538 1086 1918 1742 1106 1133 1791 1843 1312 1443 1724 1495 1067 1883 1583 1023 BCNSPRNW ULIB Ver.6.0+V

เปลี่ยนเป็นภาษาไทย

Change to English
 แสดงรายละเอียดบรรณานุกรม
  กลับหน้าหลัก

Brief Record : Get Marc (ISO 2709) : E-mail record : QR code < ปิดหน้าต่าง
LEADER : 00000nam 2200000uu 4500
001    13399111213
003     ULIB
008    110620s1999||||th 000 0 eng d
020    0781716365
024    9780781716369
060 04 WY195^bR974t 1999
100 1  Rosdahl, Caroline Bunker
245 10 Textbook of basic nursing /^cCaroline Bunker Rosdahl
250     7th ed.
260    Philadelphia :^bJ.B. Lippincott,^c1999
300    xliii, 1518 p. :^bill. ;^c30 cm.
504    Includes bibliographical references
650  2 Nursing Practical
945    ^p0^l0^i010323
995    Kesorn
999 ^a ใช้งานได้ทุกระบบ
รายการนี้ยังไม่มีแท็ก
คุณยังไม่ได้ล็อกอิน คุณสามารถมีกิจกรรมร่วมกับเว็บไซต์ได้ แต่ต้องล็อกอินก่อน ::
  ล็อกอิน

รายการสื่อสารสนเทศ

ลำดับที่ ประเภท เลขเรียก/บาร์โค้ด สถานที่ สถานะ
- ไม่พบข้อมูล -

รายการใกล้เคียง
    หัวเรื่อง [Nursing Practical]

BibComment


ยังไม่เคยถูกคอมเมนท์

คอมเมนท์ทรัพยากรรายการนี้
  คอมเมนท์: Textbook of basic..


 Copyright 2026. Bcnsprnw @Library